LIBRARY & INFORMATION CENTRE, KCAET, TAVANUR

ONLINE PUBLIC ACCESS CATALOGUE (OPAC)

Action research and development in biomass classification / (Record no. 10228)

MARC details
000 -LEADER
fixed length control field 00567cam a2200217ua 4500
041 ## - LANGUAGE CODE
Language code of text/sound track or separate title eng
082 ## - DEWEY DECIMAL CLASSIFICATION NUMBER
Classification number 662.88
Item number SIN/AC
100 ## - MAIN ENTRY--AUTHOR NAME
Personal name Singh, K K .
245 00 - TITLE STATEMENT
Title Action research and development in biomass classification /
250 ## - EDITION STATEMENT
Edition statement 1 /
260 ## - PUBLICATION, DISTRIBUTION, ETC. (IMPRINT)
Place of publication New Delhi :
Name of publisher Himanshu Publications ,
Year of publication 1993.
300 ## - PHYSICAL DESCRIPTION
Number of Pages 438 ; .
700 1# - ADDED ENTRY--PERSONAL NAME
Personal name Mathur, A.N.
700 1# - ADDED ENTRY--PERSONAL NAME
Personal name Patil, S B .
700 1# - ADDED ENTRY--PERSONAL NAME
Personal name Srivastava, P R .
942 ## - ADDED ENTRY ELEMENTS (KOHA)
Koha item type Books
Holdings
Withdrawn status Lost status Damaged status Home library Current library Date acquired Full call number Accession Number Koha item type
      KAUAET KAUAET 07/04/2012 662.88 18122 Books
free website counter